01056 2200313 4500035002000000001002100020005001700041006001900058007000300077008004100080856016300121020002300284040002000307082002100327084001900348090002100367100003200388245008000420250001200500260004100512300003700553504003200590650003000622700002000652850001300672990002100685999001900706999001700725 a0010-0122001563INLIS00000000065839320180126125904.0aa g 000 0 ta151117s2015 jkia g 000 0 ind  x http://opac.perpusnas.go.id/uploaded_files/sampul_koleksi/original/Monograf/923078.JPG?rnd=643827027y http://opac.perpusnas.go.id/DetailOpac.aspx?id=923078  a 978-602-1279-19-9 a JKPNPNA b ###042 [23]a 641.563  a 641.563 GAT m a CB-D.9 2015-6520 a Gatot Sudaryanto, d 1975-10a Menu sehat untuk anak sakit / c Gatot Sudaryanto ; editor, Atiatul Mu'min a Cet. 1 a Jakarta : b Penebar Plus+, c 2015 a 140 hlm. : b ilus. ; c 22 cm. a Bibliografi : hlm. 137-140 4a Makanan untuk anak sakit0 a Atiatul Mu'min a JKPNPNA a 201600103031341 a 652/DM/D/2015 a 652/DM/D/15